Histoire du drapeau des Îles Salomon - Statistiques

Statistiques générales
  • Ce quiz a été pris 23 fois
  • Le résultat moyen est 4 sur 7
Statistiques - réponses
Hint Réponse % Correct
Nouvelle-Guinée allemande (1885-1899)
82%
Occupation japonaise pendant la seconde guerre mondiale (1942-1945)
73%
Îles Salomon (drapeau actuel depuis 1977)
73%
Quatrième drapeau des Salomon britannique (1956-1977)
64%
Deuxième drapeau des Salomon britannique (1906-1942 et 1945-1947)
45%
Troisième drapeau des Salomon britannique (1947-1956)
36%
Premier drapeau des Salomon britannique (1893-1906)
27%
Aucun quiz correspondant
Distribution des résultats
% des personnes avec chaque résultat
Percentile par nombre de réponses
Votre historique - résultats
Vous n’avez pas pris ce quiz